000 00651nam a2200253Ia 4500
003 OSt
005 20221006142616.0
006 a|||||r|||| 00| 0
007 ta
008 221006b |||||||| |||| 00| 0 eng d
020 _c75.00
024 _a6,740
037 _cTextual
040 _aEASL
_cEASL
_beng
041 _2eng
_aeng
082 _aY15.41.M79, M0;1
100 _aMoudud Hasna Jasimuddin
_9135472
245 0 _aWomen in China
260 _aDelhi
_bShakti Books
_c1980
300 _a94p.
_ccm.
490 _v CEL
942 _hY15.41.M79, M0;1
_cTEXL
_2CC
999 _c1074826
_d1074826